Normal view
MARC view
Entry Personal Name
001 - CONTROL NUMBER
- control field: 75746
003 - CONTROL NUMBER IDENTIFIER
- control field: dpl
005 - DATE AND TIME OF LATEST TRANSACTION
- control field: 20250102171228.0
008 - FIXED-LENGTH DATA ELEMENTS
- fixed length control field: 250102|| aca||aabn | a|a d
040 ## - CATALOGING SOURCE
- Original cataloging agency: dpl
- Transcribing agency: dpl
100 ## - HEADING--PERSONAL NAME
- Personal name: लढ़ा, मदन गोपाल
670 ## - SOURCE DATA FOUND
- Source citation: Work cat.: (dpl)207949: लढ़ा, मदन गोपाल , सुनो घग्घर /, 2022
